Single outcome agreements and housing 2008/9 (Record no. 109308)
[ view plain ]
| 000 -LEADER | |
|---|---|
| fixed length control field | 01496cad a22002415a 4500 |
| 001 - CONTROL NUMBER | |
| control field | E146823 |
| 008 - FIXED-LENGTH DATA ELEMENTS--GENERAL INFORMATION | |
| fixed length control field | 090303s2009 xxk f 000 0 eng d |
| 035 ## - SYSTEM CONTROL NUMBER | |
| System control number | (Sirsi) u146823 |
| 041 0# - LANGUAGE CODE | |
| Language code of text/sound track or separate title | eng |
| 050 04 - LIBRARY OF CONGRESS CALL NUMBER | |
| Classification number | 306.1 $2 18 |
| 110 2# - MAIN ENTRY--CORPORATE NAME | |
| Corporate name or jurisdiction name as entry element | CIH Scotland |
| 245 00 - TITLE STATEMENT | |
| Title | Single outcome agreements and housing 2008/9 |
| Remainder of title | a shared vision? |
| Medium | [electronic resource] |
| 260 ## - PUBLICATION, DISTRIBUTION, ETC. | |
| Place of publication, distribution, etc. | Edinburgh |
| Name of publisher, distributor, etc. | CIH Scotland |
| Date of publication, distribution, etc. | 2009 |
| 490 #0 - SERIES STATEMENT | |
| Series statement | CIH Scotland Policy Briefing |
| 505 ## - FORMATTED CONTENTS NOTE | |
| Formatted contents note | Introduction -- Homeless services funding and priorities -- Health and homelessness -- Supporting people: providing support to people following the de-ring fencing of Supporting People -- New house building -- Delivering on neighbourhood quality ratings -- Plans around older people and care at home -- Other housing issues -- Conclusion and recommendations -- Appendix 1 (national outcomes) -- Appendix 2 (the Government national indicators and targets that address housing issues) |
| 520 ## - SUMMARY, ETC. | |
| Summary, etc. | Examines the first Single Outcome Agreements for 2008/09 for Scottish local authorities, and looks at their coverage of and commitment to various housing issues, including new house building, homelessness and neighbourhood quality ratings. |
| 521 ## - TARGET AUDIENCE NOTE | |
| Target audience note | Advanced |
| 590 ## - LOCAL NOTE (RLIN) | |
| Local note | KA |
| 651 #4 - SUBJECT ADDED ENTRY--GEOGRAPHIC NAME | |
| Geographic name | Scotland |
| Chronological subdivision | 1999- |
| 690 ## - LOCAL SUBJECT ADDED ENTRY--TOPICAL TERM (OCLC, RLIN) | |
| Topical term or geographic name as entry element | PROPERTY-RESIDENTIAL PROPERTY-DOMESTIC RESIDENTIAL PROPERTY-HOUSING |
| 856 40 - ELECTRONIC LOCATION AND ACCESS | |
| Uniform Resource Identifier | <a href="https://www.cih.org/scotland/policy/soa0809briefing.pdf">https://www.cih.org/scotland/policy/soa0809briefing.pdf</a> |
| Public note | View the report free of charge at www.cih.org/scotland... |
| 942 ## - ADDED ENTRY ELEMENTS (KOHA) | |
| Suppress in OPAC | 0 |
| Withdrawn status | Lost status | Source of classification or shelving scheme | Damaged status | Not for loan | Home library | Current library | Shelving location | Date acquired | Total Checkouts | Full call number | Barcode | Date last seen | Copy number | Price effective from | Koha item type |
|---|---|---|---|---|---|---|---|---|---|---|---|---|---|---|---|
| Dewey Decimal Classification | Virtual | Virtual | Online | 03/03/2009 | ONLINE PUBLICATION | 146823-2001 | 06/08/2019 | 1 | 06/08/2019 | Book |